000 00667nam a2200241Ia 4500
003 OSt
005 20220918180453.0
006 a|||||r|||| 00| 0
007 ta
008 220917b |||||||| |||| 00| 0 eng d
024 _a22,467
037 _cTextual
040 _aARTS
_cARTS
_beng
041 _2eng
_aeng
082 _aO111,6N27x, K7
100 _aGreen Martin
_912854
245 0 _aYeats's blessings on von Hugel
_b Essays on literature and religion
260 _aLondon
_bLngmans UK
_c1967
300 _a256p.
_ccm.
650 _aENGLISH LITERATURE
942 _hO111,6N27x, K7
_cTEXL
_2CC
999 _c161687
_d161687